Flower Quiz #1 - Statistics

General Stats
  • This quiz has been taken 82 times
    19 since last reset
  • The average score is 11 of 27
Answer Stats
Picture Answer % Correct
Sunflower
100%
Daisy
94%
Rose
94%
Tulip
94%
Orchid
88%
Daffodil
82%
Lily
76%
Poppy
71%
Dandelion
65%
Lotus
53%
Iris
47%
Petunia
41%
Water Lily
41%
Lavender
35%
Marigold
35%
Wisteria
29%
Narcissus
18%
Cornflower
12%
Calendula
6%
Opium
6%
Bachelor's Button
0%
Bollockwort
0%
Day's Eye
0%
Garland plant
0%
Lion's Tooth
0%
Mirasol
0%
Supertunia
0%
No matching quizzes found
Score Distribution
Percent of People with Each Score
Percentile by Number Answered
Your Score History
You have not taken this quiz since the last reset